000 01378nam a22002777a 4500
003 UA-OsUOA
001 122149
007 ta
008 20170412b un ||||| |||| 00| 0 ukr d
100 _aАндрушко А. В.
090 _a343.46:338.48
_bА66
942 _cBK
040 _aUA-OsUOA
_bukr
_cUA-OsUOA
_dUA-OsUOA
245 _aЗлочинність у сфері туристичного бізнесу: кримінологічна характеристика та запобігання
_bмонографія
_cІ. А. Нестерова
300 _a220 с.
955 _a1
041 _aukr
080 _a343.46:338.48
020 _a978-617-501-118-8
591 _aАндрушко А. В.
520 3 _aЗміст1. Теоретичні засади кримінологічного дослідження злочинності у сфері туристичного бізнесу2. Кримінологічна характеристика та детермінація злочинності у сфері туристичного бізнесу3. Основні напрями запобігання злочинності у сфері туристично
520 3 _aго бізнесу
260 _aУжгород
_bІВА
_c2016
650 7 _a343 Кримінальне право. Карні порушення
_2UDC
999 _c408240
_d408240